[Event "Bundesliga 1617"]
[Site "Germany"]
[Date "2017.04.08"]
[Round "11.2"]
[White "Zelbel, Patrick"]
[Black "Goloshchapov, Alexander"]
[Result "1-0"]
[WhiteElo "2452"]
[BlackElo "2585"]
[PlyCount "133"]
[EventDate "2016.10.15"]
[EventType "team-tourn"]
[EventRounds "15"]
[EventCountry "GER"]
[SourceTitle "CBM 178"]
[Source "ChessBase"]
[SourceDate "2017.05.14"]
[SourceVersion "1"]
[SourceVersionDate "2017.05.14"]
[SourceQuality "1"]
[WhiteTeam "Muelheim"]
[BlackTeam "Trier"]
[WhiteTeamCountry "GER"]
[BlackTeamCountry "GER"]

1. e4 e6 2. d4 d5 3. Nd2 c5 4. exd5 Qxd5 5. Ngf3 cxd4 6. Bc4 Qd6 7. 0-0 Nf6 8. Nb3 Nc6 9. Nbxd4 Nxd4 10. Nxd4 a6 11. Re1 Qc7 12. Qe2 Bd6 13. Bg5 0-0 14. Bxf6 gxf6 15. Bd3 f5 16. Qh5 Be5 17. c3 Kh8 18. Nf3 f6 19. Qh6 Bd6 20. Nd4 Qf7 21. Bc4 Re8 22. Nxf5 Bf8 23. Qf4 b5 24. Bb3 Bb7 25. Re3 Rad8 26. Rae1 Qd7 27. Qg4 Bd5 28. Bxd5 Qxd5 29. Ng3 e5 30. Nh5 Qe6 31. Qxe6 Rxe6 32. g4 b4 33. cxb4 Bxb4 34. R1e2 Rc6 35. Kg2 a5 36. h3 Kg8 37. Rf3 Rf8 38. Rf5 Be7 39. f4 Rfc8 40. fxe5 fxe5 41. Rfxe5 Bd8 42. Rd5 Bb6 43. Rd7 h6 44. Ng3 Rc2 45. Rd6 Rxe2+ 46. Nxe2 Be3 47. Kf3 Bg5 48. Nd4 Kf7 49. Rd5 a4 50. Ra5 Rb8 51. Rb5 Rc8 52. Ke4 Re8+ 53. Kf5 Re3 54. Rb7+ Ke8 55. Ra7 Rxh3 56. Rxa4 Rh2 57. Ke6 Kd8 58. Kd6 Kc8 59. Rc4+ Kb7 60. Rb4+ Kc8 61. Nf3 Rf2 62. Nxg5 hxg5 63. Ke5 Kc7 64. a4 Rf1 65. b3 Kc6 66. a5 Rf8 67. a6 1-0

[Event "Wch Blitz 8th"]
[Site "Dubai"]
[Date "2014.06.20"]
[Round "20"]
[White "Vahidov, Tair"]
[Black "Goloshchapov, Alexander"]
[Result "0-1"]
[WhiteElo "2446"]
[BlackElo "2586"]
[PlyCount "63"]
[EventDate "2014.06.19"]
[EventType "swiss (blitz)"]
[EventRounds "21"]
[EventCountry "UAE"]
[SourceTitle "CBM 160 Extra"]
[Source "ChessBase"]
[SourceDate "2014.07.01"]
[SourceVersion "1"]
[SourceVersionDate "2014.07.01"]
[SourceQuality "1"]

1. c4 e6 2. Nc3 d5 3. d4 Be7 4. Nf3 Nf6 5. Bg5 h6 6. Bh4 0-0 7. e3 b6 8. Be2 Bb7 9. Bxf6 Bxf6 10. cxd5 exd5 11. b4 c6 12. 0-0 Re8 13. Qb3 Nd7 14. a4 Nf8 15. a5 Rb8 16. axb6 axb6 17. Rfd1 Ne6 18. b5 c5 19. dxc5 Nxc5 20. Qb4 Rc8 21. Nd4 Qc7 22. Bf1 Bxd4 23. Rxd4 Ne6 24. Rd3 d4 25. exd4 Nf4 26. Rg3 h5 27. d5 h4 28. d6 Qc5 29. Qxf4 hxg3 30. d7 gxf2+ 31. Qxf2 Qxc3 32. d8Q 0-1

[Event "Wch Blitz 8th"]
[Site "Dubai"]
[Date "2014.06.19"]
[Round "2"]
[White "Goloshchapov, Alexander"]
[Black "Al Sayed, Mohammed"]
[Result "1/2-1/2"]
[WhiteElo "2586"]
[BlackElo "2505"]
[PlyCount "72"]
[EventDate "2014.06.19"]
[EventType "swiss (blitz)"]
[EventRounds "21"]
[EventCountry "UAE"]
[SourceTitle "CBM 160 Extra"]
[Source "ChessBase"]
[SourceDate "2014.07.01"]
[SourceVersion "1"]
[SourceVersionDate "2014.07.01"]
[SourceQuality "1"]

1. d4 Nf6 2. c4 g6 3. Nf3 Bg7 4. g3 c5 5. Nc3 cxd4 6. Nxd4 0-0 7. Bg2 Qc7 8. b3 d5 9. Ndb5 Qa5 10. Bd2 dxc4 11. bxc4 Qd8 12. 0-0 a6 13. Na3 Nc6 14. Nc2 Nd7 15. Rb1 Nc5 16. Ne3 e6 17. Ne4 Nxe4 18. Bxe4 Qc7 19. Qa4 Rd8 20. Rfd1 Bd7 21. Qb3 Rab8 22. Bc3 Ne5 23. Qb2 b5 24. c5 Nc4 25. Nxc4 bxc4 26. Qa3 Bxc3 27. Rxb8 Rxb8 28. Qxc3 Bb5 29. c6 Rc8 30. Rd7 Qb6 31. Qf6 Rf8 32. h4 Qc5 33. h5 Qxh5 34. Rb7 Qxe2 35. Bf3 Qe1+ 36. Kg2 c3 1/2-1/2

[Event "Wch Blitz 8th"]
[Site "Dubai"]
[Date "2014.06.19"]
[Round "4"]
[White "Goloshchapov, Alexander"]
[Black "Nguyen, Ngoc Truong Son"]
[Result "1/2-1/2"]
[WhiteElo "2586"]
[BlackElo "2621"]
[PlyCount "107"]
[EventDate "2014.06.19"]
[EventType "swiss (blitz)"]
[EventRounds "21"]
[EventCountry "UAE"]
[SourceTitle "CBM 160 Extra"]
[Source "ChessBase"]
[SourceDate "2014.07.01"]
[SourceVersion "1"]
[SourceVersionDate "2014.07.01"]
[SourceQuality "1"]

1. d4 d5 2. c4 c6 3. Nc3 Nf6 4. e3 e6 5. Nf3 Nbd7 6. Qc2 Bd6 7. Bd3 0-0 8. 0-0 e5 9. cxd5 cxd5 10. e4 exd4 11. Nxd5 Nxd5 12. exd5 h6 13. Bh7+ Kh8 14. Bf5 Nb6 15. Rd1 Qf6 16. Nxd4 Be5 17. Bxc8 Raxc8 18. Qd3 Nxd5 19. Nf3 Nf4 20. Qe4 Bc7 21. Bxf4 Qxf4 22. Qxb7 Bb6 23. Rd2 Rcd8 24. Rad1 Rxd2 25. Rxd2 Rb8 26. Qc6 Ba5 27. Re2 Rb6 28. Re8+ Kh7 29. Qc2+ Rg6 30. Ne5 Bc7 31. Qxc7 Qe4 32. g3 Qe1+ 33. Kg2 Qe4+ 34. Kg1 Qe1+ 35. Kg2 Qe4+ 36. f3 Qe2+ 37. Kg1 Qe1+ 38. Kg2 Qe2+ 39. Kh3 Qf1+ 40. Kh4 Rf6 41. Qc2+ g6 42. Qc8 Rf4+ 43. gxf4 Qf2+ 44. Kh3 Qf1+ 45. Kg3 Qg1+ 46. Kh3 Qf1+ 47. Kg3 Qg1+ 48. Kh3 Qf1+ 49. Kg3 Qg1+ 50. Kh4 Qf2+ 51. Kh3 Qf1+ 52. Kg3 Qg1+ 53. Kh4 Qf2+ 54. Kh3 1/2-1/2

[Event "Wch Blitz 8th"]
[Site "Dubai"]
[Date "2014.06.19"]
[Round "7"]
[White "Salgado Lopez, Ivan"]
[Black "Goloshchapov, Alexander"]
[Result "1-0"]
[WhiteElo "2622"]
[BlackElo "2586"]
[PlyCount "37"]
[EventDate "2014.06.19"]
[EventType "swiss (blitz)"]
[EventRounds "21"]
[EventCountry "UAE"]
[SourceTitle "CBM 160 Extra"]
[Source "ChessBase"]
[SourceDate "2014.07.01"]
[SourceVersion "1"]
[SourceVersionDate "2014.07.01"]
[SourceQuality "1"]

1. e4 e6 2. d4 d5 3. Nd2 dxe4 4. Nxe4 Nd7 5. Nf3 Ngf6 6. Nxf6+ Nxf6 7. c3 Bd6 8. Bd3 0-0 9. Bg5 h6 10. Bh4 c5 11. dxc5 Bxc5 12. Qc2 Qc7 13. Rd1 Rd8 14. 0-0 b6 15. Bh7+ Kh8 16. Rxd8+ Qxd8 17. Rd1 Qc7 18. Bg3 Qb7 19. Rd8+ 1-0

[Event "Wch Blitz 8th"]
[Site "Dubai"]
[Date "2014.06.19"]
[Round "5"]
[White "Yu, Yangyi"]
[Black "Goloshchapov, Alexander"]
[Result "1/2-1/2"]
[WhiteElo "2675"]
[BlackElo "2586"]
[PlyCount "133"]
[EventDate "2014.06.19"]
[EventType "swiss (blitz)"]
[EventRounds "21"]
[EventCountry "UAE"]
[SourceTitle "CBM 160 Extra"]
[Source "ChessBase"]
[SourceDate "2014.07.01"]
[SourceVersion "1"]
[SourceVersionDate "2014.07.01"]
[SourceQuality "1"]

1. e4 e6 2. d4 d5 3. Nc3 dxe4 4. Nxe4 Nd7 5. Nf3 Ngf6 6. Bg5 h6 7. Bxf6 Nxf6 8. Bd3 Be7 9. c3 0-0 10. Nxf6+ Bxf6 11. Qe2 Qd6 12. h4 Rd8 13. 0-0-0 Bd7 14. Kb1 Ba4 15. Rd2 c5 16. dxc5 Qxc5 17. g4 Bc6 18. Rhd1 Rd5 19. Be4 Rxd2 20. Rxd2 Rd8 21. Rxd8+ Bxd8 22. Nd4 Bxh4 23. Bxc6 bxc6 24. f3 Bf6 25. Nb3 Qd5 26. Nd2 h5 27. gxh5 Qxh5 28. a4 Qd5 29. Ne4 Be7 30. Nd2 f5 31. Kc2 g5 32. Nc4 Bf6 33. Ne3 Qe5 34. Qd3 Qc7 35. Qc4 Qe5 36. Qd3 Qh2+ 37. Kb1 Qc7 38. Qc4 Qe5 39. Qd3 Qc7 40. Qc4 Qe5 41. Qd3 Qc7 42. Kc2 Kf7 43. Qc4 Ke7 44. Qc5+ Kf7 45. Qc4 Ke7 46. a5 Qxa5 47. Qxc6 Qb6 48. Qxb6 axb6 49. Nc4 b5 50. Na3 b4 51. cxb4 Kd6 52. Kd3 Kd5 53. Nc4 e5 54. Ne3+ Ke6 55. b5 Bd8 56. Nc4 g4 57. fxg4 fxg4 58. Ke4 g3 59. Kf3 Kd5 60. b3 Kc5 61. Nxe5 Kxb5 62. Nd3 Bc7 63. Kg2 Bd6 64. Nc1 Kb4 65. Ne2 Kxb3 66. Nxg3 Bxg3 67. Kxg3 1/2-1/2

[Event "Wch Rapid"]
[Site "Dubai"]
[Date "2014.06.18"]
[Round "15"]
[White "Goloshchapov, Alexander"]
[Black "Savchenko, Boris"]
[Result "0-1"]
[WhiteElo "2586"]
[BlackElo "2581"]
[PlyCount "75"]
[EventDate "2014.06.16"]
[EventType "swiss (rapid)"]
[EventRounds "15"]
[EventCountry "UAE"]
[SourceTitle "CBM 160 Extra"]
[Source "ChessBase"]
[SourceDate "2014.07.01"]
[SourceVersion "1"]
[SourceVersionDate "2014.07.01"]
[SourceQuality "1"]

1. d4 d5 2. c4 e6 3. Nf3 c6 4. Qc2 Nf6 5. g3 dxc4 6. Qxc4 b5 7. Qb3 Bb7 8. Bg2 Qb6 9. Nc3 a5 10. 0-0 Nbd7 11. Ne5 Nxe5 12. dxe5 Nd7 13. Bf4 Nc5 14. Qc2 b4 15. Ne4 Nxe4 16. Bxe4 0-0-0 17. Rac1 c5 18. Be3 Kb8 19. Bxb7 Kxb7 20. Bg5 Rd5 21. e4 Rxe5 22. Bf4 Bd6 23. Rfd1 Rc8 24. Bxe5 Bxe5 25. Rd7+ Kb8 26. b3 c4 27. bxc4 Rc7 28. Rcd1 Qc6 29. Rxc7 Kxc7 30. Qd3 Kb6 31. Qd8+ Qc7 32. Qe8 Qxc4 33. Qxf7 Qxa2 34. Qe7 Qc4 35. Rd7 Qc1+ 36. Kg2 Qc6 37. f3 b3 38. Kh3 0-1

[Event "Wch Rapid"]
[Site "Dubai"]
[Date "2014.06.17"]
[Round "8"]
[White "Eljanov, Pavel"]
[Black "Goloshchapov, Alexander"]
[Result "1-0"]
[WhiteElo "2723"]
[BlackElo "2586"]
[PlyCount "47"]
[EventDate "2014.06.16"]
[EventType "swiss (rapid)"]
[EventRounds "15"]
[EventCountry "UAE"]
[SourceTitle "CBM 160 Extra"]
[Source "ChessBase"]
[SourceDate "2014.07.01"]
[SourceVersion "1"]
[SourceVersionDate "2014.07.01"]
[SourceQuality "1"]

1. d4 d5 2. c4 e6 3. Nf3 Nf6 4. g3 dxc4 5. Bg2 Nc6 6. Qa4 Bd7 7. Qxc4 Na5 8. Qd3 c5 9. Nc3 Bc6 10. 0-0 Be7 11. Rd1 0-0 12. e4 Qb6 13. Be3 Rfd8 14. Ne5 cxd4 15. Bxd4 Qc7 16. Rac1 Bc5 17. Nd5 exd5 18. Rxc5 Nxe4 19. Rcc1 Qe7 20. Ng4 b6 21. Ne3 Qe6 22. b4 Nc4 23. Bxe4 Nxe3 24. Bxh7+ 1-0

[Event "BEL-chT 1213"]
[Site "Belgium"]
[Date "2013.02.17"]
[Round "9.1"]
[White "Sokolov, Ivan"]
[Black "Goloshchapov, Alexander"]
[Result "1/2-1/2"]
[WhiteElo "2699"]
[BlackElo "2582"]
[PlyCount "101"]
[EventDate "2012.09.23"]
[EventType "team-tourn"]
[EventRounds "11"]
[EventCountry "BEL"]
[SourceTitle "EXT 2014"]
[Source "ChessBase"]
[SourceDate "2013.11.20"]
[SourceVersion "1"]
[SourceVersionDate "2013.11.20"]
[SourceQuality "1"]
[WhiteTeam "KGSRL"]
[BlackTeam "Eynatten"]
[WhiteTeamCountry "BEL"]
[BlackTeamCountry "BEL"]

1. d4 d5 2. c4 e6 3. Nc3 Be7 4. Bf4 Nf6 5. e3 0-0 6. a3 b6 7. cxd5 Nxd5 8. Nxd5 exd5 9. Bd3 c5 10. Ne2 Nc6 11. 0-0 Be6 12. Qa4 Qe8 13. Qc2 g6 14. dxc5 bxc5 15. Bh6 c4 16. Qc3 f6 17. Nf4 Bf7 18. Bc2 Bd6 19. Ba4 Be5 20. Qd2 Qd7 21. Bxf8 Rxf8 22. Rad1 Rd8 23. Ne2 Qc7 24. h4 Ne7 25. Nd4 f5 26. b3 a6 27. Qc2 f4 28. exf4 Bxd4 29. Rxd4 Nf5 30. Rdd1 c3 31. Rfe1 d4 32. g3 Bd5 33. Qd3 Ba8 34. Re6 Qc5 35. Re5 Qb6 36. Qc4+ Kg7 37. Re6 Qb7 38. Bc6 Qc7 39. Rd3 Kh6 40. Bxa8 Qxc4 41. bxc4 Ne3 42. Rexe3 dxe3 43. Rxc3 e2 44. Re3 Rd1+ 45. Kg2 e1Q 46. Rxe1 Rxe1 47. Bb7 a5 48. a4 Kg7 49. Ba6 Kf6 50. g4 Ke6 51. Bb5 1/2-1/2

[Event "Bundesliga 1112"]
[Site "Germany"]
[Date "2011.12.10"]
[Round "6.3"]
[White "Goloshchapov, Alexander"]
[Black "Antoniewski, Rafal"]
[Result "1/2-1/2"]
[WhiteElo "2580"]
[BlackElo "2585"]
[PlyCount "71"]
[EventDate "2011.10.14"]
[EventType "team-tourn"]
[EventRounds "15"]
[EventCountry "GER"]
[SourceTitle "CBM 146"]
[Source "ChessBase"]
[SourceDate "2012.01.18"]
[SourceVersion "1"]
[SourceVersionDate "2012.01.18"]
[SourceQuality "1"]
[WhiteTeam "Remagen"]
[BlackTeam "Berlin SF"]
[WhiteTeamCountry "GER"]
[BlackTeamCountry "GER"]

1. d4 d5 2. c4 c6 3. Nc3 Nf6 4. e3 e6 5. Nf3 a6 6. b3 Bb4 7. Bd2 Nbd7 8. Bd3 0-0 9. 0-0 Bd6 10. Rc1 e5 11. cxd5 cxd5 12. dxe5 Nxe5 13. Nxe5 Bxe5 14. Ne2 Bd7 15. Bc3 Qb8 16. h3 Rc8 17. Qd2 Bxc3 18. Rxc3 Qe5 19. Rfc1 g6 20. a4 Kg7 21. a5 Rxc3 22. Qxc3 Qxc3 23. Rxc3 Kf8 24. Nd4 Ke7 25. f3 Kd6 26. h4 Ne8 27. g4 Nc7 28. Kf2 Re8 29. Rc1 Ne6 30. Nxe6 Bxe6 31. b4 Rb8 32. g5 Bd7 33. f4 b6 34. Kf3 bxa5 35. bxa5 Rb3 36. Bxa6 1/2-1/2

[Event "Bundesliga 0910"]
[Site "Germany"]
[Date "2009.12.12"]
[Round "5.1"]
[White "Goloshchapov, Alexander"]
[Black "Bromberger, Stefan"]
[Result "1-0"]
[WhiteElo "2580"]
[BlackElo "2518"]
[PlyCount "43"]
[EventDate "2009.10.16"]
[EventType "team-tourn"]
[EventRounds "15"]
[EventCountry "GER"]
[SourceTitle "CBM 133 Extra"]
[Source "ChessBase"]
[SourceDate "2010.01.05"]
[SourceVersion "1"]
[SourceVersionDate "2010.01.05"]
[SourceQuality "1"]
[WhiteTeam "Remagen"]
[BlackTeam "Bayern Muenchen"]
[WhiteTeamCountry "GER"]
[BlackTeamCountry "GER"]

1. d4 Nf6 2. c4 e6 3. Nf3 d5 4. g3 Be7 5. Bg2 0-0 6. 0-0 dxc4 7. Qc2 a6 8. Qxc4 b5 9. Qc2 Bb7 10. Bg5 Be4 11. Qc1 Bb7 12. Nbd2 Nbd7 13. Nb3 a5 14. Rd1 Bd5 15. Ne5 Bxg2 16. Kxg2 Nxe5 17. dxe5 Nd5 18. h4 Qb8 19. e4 Bxg5 20. hxg5 Nb6 21. Qf4 Rd8 22. Rh1 1-0

[Event "Bundesliga 0809"]
[Site "Germany"]
[Date "2009.02.01"]
[Round "11.1"]
[White "McShane, Luke J"]
[Black "Goloshchapov, Alexander"]
[Result "1-0"]
[WhiteElo "2596"]
[BlackElo "2579"]
[PlyCount "69"]
[EventDate "2008.10.03"]
[EventType "team-tourn"]
[EventRounds "15"]
[EventCountry "GER"]
[SourceTitle "CBM 128 Extra"]
[Source "ChessBase"]
[SourceDate "2009.03.05"]
[SourceVersion "2"]
[SourceVersionDate "2009.03.25"]
[SourceQuality "1"]
[WhiteTeam "Werder Bremen"]
[BlackTeam "Remagen"]
[WhiteTeamCountry "GER"]
[BlackTeamCountry "GER"]

1. e4 e6 2. d4 d5 3. Nd2 dxe4 4. Nxe4 Nd7 5. Nf3 Ngf6 6. Nxf6+ Nxf6 7. Be3 Nd5 8. Qd2 Bd6 9. 0-0-0 Qe7 10. Bc4 Nxe3 11. Qxe3 0-0 12. Rhe1 Bd7 13. d5 Qf6 14. Ne5 Bxe5 15. Qxe5 Qxf2 16. dxe6 Bxe6 17. Bxe6 fxe6 18. Qxe6+ Kh8 19. Qe4 Qf7 20. b3 b6 21. Kb2 Rae8 22. Qc6 Rxe1 23. Rxe1 Rd8 24. Re3 h6 25. Rc3 Rd2 26. h3 a5 27. g4 Rd7 28. h4 Re7 29. g5 Qf4 30. g6 Qe5 31. h5 Re8 32. a4 Rf8 33. Qxc7 Qxh5 34. Qf7 Rd8 35. Re3 1-0

[Event "Bundesliga 0708"]
[Site "Germany"]
[Date "2008.04.20"]
[Round "15.3"]
[White "Goloshchapov, Alexander"]
[Black "Balogh, Csaba"]
[Result "1-0"]
[WhiteElo "2563"]
[BlackElo "2561"]
[PlyCount "59"]
[EventDate "2007.10.20"]
[EventType "team-tourn"]
[EventRounds "15"]
[EventCountry "GER"]
[SourceTitle "CBM 124"]
[Source "ChessBase"]
[SourceDate "2008.05.28"]
[SourceVersion "1"]
[SourceVersionDate "2008.05.28"]
[SourceQuality "1"]
[WhiteTeam "Remagen"]
[BlackTeam "Eppingen"]
[WhiteTeamCountry "GER"]
[BlackTeamCountry "GER"]

1. d4 Nf6 2. c4 e6 3. Nf3 d5 4. g3 dxc4 5. Qa4+ c6 6. Qxc4 b5 7. Qb3 Bb7 8. Bg2 Nbd7 9. 0-0 a6 10. Ne5 Qc7 11. Bf4 Bd6 12. Nxd7 Nxd7 13. Bxd6 Qxd6 14. Rd1 0-0 15. Nd2 Rad8 16. Qc3 e5 17. Nb3 Qe7 18. Bxc6 exd4 19. Nxd4 Nf6 20. Nf5 Qc7 21. Bxb7 Qxb7 22. Qc6 Qa7 23. Rac1 h5 24. e3 Rfe8 25. h3 Rxd1+ 26. Rxd1 Re5 27. Rd8+ Kh7 28. Qc8 Ne4 29. Nh4 g6 30. Rd7 1-0

[Event "Bundesliga 0708"]
[Site "Germany"]
[Date "2008.02.10"]
[Round "9.4"]
[White "Hansen, Sune Berg"]
[Black "Goloshchapov, Alexander"]
[Result "1/2-1/2"]
[WhiteElo "2564"]
[BlackElo "2563"]
[PlyCount "28"]
[EventDate "2007.10.20"]
[EventType "team-tourn"]
[EventRounds "15"]
[EventCountry "GER"]
[SourceTitle "CBM 123"]
[Source "ChessBase"]
[SourceDate "2008.04.02"]
[SourceVersion "1"]
[SourceVersionDate "2008.04.02"]
[SourceQuality "1"]
[WhiteTeam "Hamburger SK"]
[BlackTeam "Remagen"]
[WhiteTeamCountry "GER"]
[BlackTeamCountry "GER"]

1. e4 e6 2. d4 d5 3. Nd2 dxe4 4. Nxe4 Nd7 5. Nf3 Ngf6 6. Nxf6+ Nxf6 7. Be3 Be7 8. Bd3 0-0 9. Qe2 b6 10. 0-0-0 Bb7 11. Kb1 Nd5 12. Bd2 c5 13. dxc5 Bxc5 14. Ne5 Qe7 1/2-1/2

[Event "Bundesliga 0708"]
[Site "Germany"]
[Date "2007.12.02"]
[Round "4.11"]
[White "Flumbort, Andras"]
[Black "Goloshchapov, Alexander"]
[Result "1/2-1/2"]
[WhiteElo "2516"]
[BlackElo "2555"]
[PlyCount "42"]
[EventDate "2007.10.20"]
[EventType "team-tourn"]
[EventRounds "15"]
[EventCountry "GER"]
[SourceTitle "CBM 123"]
[Source "ChessBase"]
[SourceDate "2008.04.02"]
[SourceVersion "1"]
[SourceVersionDate "2008.04.02"]
[SourceQuality "1"]
[WhiteTeam "Trier"]
[BlackTeam "Remagen"]
[WhiteTeamCountry "GER"]
[BlackTeamCountry "GER"]

1. d4 Nf6 2. c4 e6 3. Nf3 d5 4. Nc3 Be7 5. Bf4 0-0 6. e3 Nbd7 7. a3 c5 8. cxd5 Nxd5 9. Nxd5 exd5 10. dxc5 Nxc5 11. Be2 Bf6 12. Be5 Bf5 13. Bxf6 Qxf6 14. Nd4 Be4 15. Rc1 Ne6 16. f3 Bg6 17. 0-0 Rac8 18. Qd2 Nxd4 19. Qxd4 Qxd4 20. exd4 Bc2 21. Kf2 Rc7 1/2-1/2

[Event "Bundesliga 0708"]
[Site "Germany"]
[Date "2007.12.01"]
[Round "3.3"]
[White "Goloshchapov, Alexander"]
[Black "Vallejo Pons, Francisco"]
[Result "1/2-1/2"]
[WhiteElo "2555"]
[BlackElo "2679"]
[PlyCount "20"]
[EventDate "2007.10.20"]
[EventType "team-tourn"]
[EventRounds "15"]
[EventCountry "GER"]
[SourceTitle "CBM 123"]
[Source "ChessBase"]
[SourceDate "2008.04.02"]
[SourceVersion "1"]
[SourceVersionDate "2008.04.02"]
[SourceQuality "1"]
[WhiteTeam "Remagen"]
[BlackTeam "Baden-Baden"]
[WhiteTeamCountry "GER"]
[BlackTeamCountry "GER"]

1. d4 d5 2. c4 c6 3. Nc3 Nf6 4. e3 e6 5. Nf3 Nbd7 6. Qc2 Bd6 7. Bd3 dxc4 8. Bxc4 b5 9. Be2 0-0 10. 0-0 a6 1/2-1/2

[Event "Bundesliga 0708"]
[Site "Germany"]
[Date "2007.11.30"]
[Round "7.4"]
[White "Kveinys, Aloyzas"]
[Black "Goloshchapov, Alexander"]
[Result "0-1"]
[WhiteElo "2517"]
[BlackElo "2563"]
[PlyCount "118"]
[EventDate "2007.10.20"]
[EventType "team-tourn"]
[EventRounds "15"]
[EventCountry "GER"]
[SourceTitle "CBM 123"]
[Source "ChessBase"]
[SourceDate "2008.04.02"]
[SourceVersion "1"]
[SourceVersionDate "2008.04.02"]
[SourceQuality "1"]
[WhiteTeam "Godesberg"]
[BlackTeam "Remagen"]
[WhiteTeamCountry "GER"]
[BlackTeamCountry "GER"]

1. c4 e6 2. Nc3 d5 3. d4 Be7 4. Nf3 Nf6 5. Bf4 0-0 6. e3 Nbd7 7. cxd5 Nxd5 8. Bg3 c5 9. Bd3 cxd4 10. Nxd5 exd5 11. Nxd4 Qa5+ 12. Kf1 Nc5 13. Nb3 Nxb3 14. axb3 Qb6 15. Qc2 h6 16. Be5 Bf6 17. Bxf6 Qxf6 18. Qc3 Qb6 19. b4 Bd7 20. Ra5 Rac8 21. Qd2 a6 22. Ke2 d4 23. e4 Bb5 24. Bxb5 axb5 25. Rd1 Rfd8 26. Kf1 d3 27. Qe3 Qxe3 28. fxe3 Rc2 29. Rxb5 Rxb2 30. Rd5 Rc8 31. Rc5 Ra8 32. Ra5 Rc8 33. Rc5 Ra8 34. Ra5 Re8 35. e5 b6 36. Rd5 Rc8 37. Rd4 h5 38. h4 Rcc2 39. Rf4 Kf8 40. Rf3 Ke7 41. Rg3 g6 42. Kg1 d2 43. Kf2 Rc1 44. Ke2 Rxd1 45. Kxd1 Rxb4 46. Rh3 Rg4 47. Kxd2 Rxg2+ 48. Kd3 Rb2 49. Rf3 Rb4 50. Rf6 Rxh4 51. Rxb6 Rg4 52. Rb8 h4 53. Rh8 g5 54. Rh6 Kf8 55. e6 fxe6 56. Rxe6 h3 57. Rf6+ Kg7 58. Rf1 Rg2 59. Ke4 h2 0-1

[Event "Bundesliga 0708"]
[Site "Germany"]
[Date "2007.10.20"]
[Round "1.2"]
[White "Goloshchapov, Alexander"]
[Black "Votava, Jan"]
[Result "1-0"]
[WhiteElo "2563"]
[BlackElo "2547"]
[PlyCount "77"]
[EventDate "2007.10.20"]
[EventType "team-tourn"]
[EventRounds "15"]
[EventCountry "GER"]
[SourceTitle "CBM 123"]
[Source "ChessBase"]
[SourceDate "2008.04.02"]
[SourceVersion "1"]
[SourceVersionDate "2008.04.02"]
[SourceQuality "1"]
[WhiteTeam "Remagen"]
[BlackTeam "Erfurt"]
[WhiteTeamCountry "GER"]
[BlackTeamCountry "GER"]

1. d4 Nf6 2. c4 e6 3. Nf3 d5 4. g3 Be7 5. Bg2 0-0 6. 0-0 dxc4 7. Qc2 a6 8. Qxc4 b5 9. Qc2 Bb7 10. Bg5 Nbd7 11. Nbd2 Rc8 12. Bxf6 Nxf6 13. Nb3 Be4 14. Qc3 Nd5 15. Qa5 c5 16. Qxa6 c4 17. Nbd2 Bxf3 18. Bxf3 Nb4 19. Qxb5 Nc2 20. e3 Nxa1 21. Rxa1 c3 22. bxc3 Rxc3 23. a4 Qc7 24. a5 Rb8 25. Qf1 Ra3 26. a6 Qa5 27. Rxa3 Bxa3 28. Qd3 Bd6 29. Bb7 Bc7 30. Ne4 Bb6 31. Nd6 Qb4 32. Nc8 g6 33. Kg2 Rxc8 34. Bxc8 Kg7 35. Qe4 Qd6 36. Qb7 g5 37. Kg1 Qb4 38. Bxe6 Qe1+ 39. Kg2 1-0

[Event "RUS-chT2"]
[Site "Sochi"]
[Date "2007.05.04"]
[Round "2"]
[White "Anisimov, Pavel"]
[Black "Goloshchapov, Alexander"]
[Result "1/2-1/2"]
[WhiteElo "2497"]
[BlackElo "2555"]
[PlyCount "44"]
[EventDate "2007.05.03"]
[EventType "team"]
[EventRounds "9"]
[EventCountry "RUS"]
[SourceTitle "CBM 118 Extra"]
[Source "ChessBase"]
[SourceDate "2007.07.04"]
[SourceVersion "1"]
[SourceVersionDate "2007.07.04"]
[SourceQuality "1"]

1. e4 e6 2. d4 d5 3. Nd2 c5 4. exd5 Qxd5 5. Ngf3 cxd4 6. Bc4 Qd6 7. 0-0 Nf6 8. Nb3 Nc6 9. Nbxd4 Nxd4 10. Qxd4 Qxd4 11. Nxd4 Bd7 12. Bf4 Rc8 13. Bb3 Bc5 14. Rad1 0-0 15. c3 Rfd8 16. h3 Bc6 17. Be5 Nd7 18. Bg3 Nb6 19. Bh4 Rd6 20. Bg3 Rdd8 21. Bh4 Rd6 22. Bg3 Rdd8 1/2-1/2

[Event "RUS-chT2"]
[Site "Sochi"]
[Date "2007.05.03"]
[Round "1"]
[White "Goloshchapov, Alexander"]
[Black "Khismatullin, Denis Rimovich"]
[Result "1/2-1/2"]
[WhiteElo "2555"]
[BlackElo "2570"]
[PlyCount "46"]
[EventDate "2007.05.03"]
[EventType "team"]
[EventRounds "9"]
[EventCountry "RUS"]
[SourceTitle "EXT 2020"]
[Source "ChessBase"]
[SourceDate "2019.10.17"]
[SourceVersion "1"]
[SourceVersionDate "2019.10.17"]
[SourceQuality "1"]
[BlackTeam "Moscow Spasio"]
[BlackTeamCountry "RUS"]

1. d4 Nf6 2. c4 e6 3. Nc3 Bb4 4. Qc2 c5 5. dxc5 0-0 6. Nf3 Na6 7. Bd2 Nxc5 8. e3 b6 9. Be2 Bb7 10. a3 Bxc3 11. Bxc3 Rc8 12. 0-0 Qe7 13. Rac1 Rfd8 14. b4 Nce4 15. Bd4 d6 16. Nd2 e5 17. Bb2 d5 18. Nxe4 Nxe4 19. Bd3 Nd6 20. c5 bxc5 21. bxc5 Ne4 22. Bxe4 dxe4 23. Rfd1 Rxd1+ 1/2-1/2

[Event "Cappelle op 23rd"]
[Site "Cappelle la Grande"]
[Date "2007.03.05"]
[Round "4"]
[White "Goloshchapov, Alexander"]
[Black "Laurent, Bruno"]
[Result "1-0"]
[WhiteElo "2555"]
[BlackElo "2397"]
[PlyCount "77"]
[EventDate "2007.03.03"]
[EventType "swiss"]
[EventRounds "9"]
[EventCountry "FRA"]
[SourceTitle "CBM 117 Extra"]
[Source "ChessBase"]
[SourceDate "2007.05.09"]
[SourceVersion "1"]
[SourceVersionDate "2007.05.09"]
[SourceQuality "1"]

1. e4 e5 2. Nf3 Nc6 3. Bb5 a6 4. Ba4 d6 5. 0-0 Nf6 6. Bxc6+ bxc6 7. d4 Be7 8. Re1 exd4 9. Nxd4 Bd7 10. c4 0-0 11. Nc3 Re8 12. h3 h6 13. Bf4 Nh7 14. Qc2 Nf8 15. Rad1 Ng6 16. Bh2 Bf6 17. Nf3 Qe7 18. Re3 Be6 19. b3 a5 20. e5 dxe5 21. Nxe5 Nxe5 22. Bxe5 Red8 23. Rde1 Bxe5 24. Rxe5 Qb4 25. R1e3 Rd4 26. Ne4 a4 27. Nf6+ gxf6 28. Rxe6 axb3 29. Rg3+ Kh8 30. Rxf6 Qf8 31. Qc1 Rd6 32. Qc3 Kh7 33. axb3 c5 34. Qc2+ Kh8 35. Qc3 Kh7 36. Qc2+ Kh8 37. Qf5 Rxf6 38. Qxf6+ Kh7 39. Qf5+ 1-0